Dlouhodobé plánování

Na minha lista:
Detalhes bibliográficos
Formato: Livro
Idioma:tcheco
Publicado em: Praha Svoboda 1980
Tags: Adicionar Tag
Sem tags, seja o primeiro a adicionar uma tag!

MARC

LEADER 00000nam a2200000 4500
001 c139195
005 20260323070657.1
041 0 |a cze 
044 |a CZ 
245 1 0 |a Dlouhodobé plánování  |c Josef Mervart 
264 1 |a Praha  |b Svoboda  |c 1980 
300 |a 343 s.